| 000 | 01029nam a22001937a 4500 | ||
|---|---|---|---|
| 008 | 090823s ua||||gr|||| 000 0 ara d | ||
| 020 | _a9773141213 | ||
| 082 |
_222 _a370 _bع ص ر |
||
| 111 |
_98568 _aمؤتمر رؤى مستقبلية للبحث التربوي _cالقاهرة _d2001 |
||
| 245 |
_aنموذج منظومي لتطوير مهارات التفكير الاحصائي لدي الباحثين بكليات التربية/ _cرضا مسعد السعيد عصر |
||
| 260 |
_aالقاهرة: _bالمركز القومى للبحوث التربوية والتنمية _c2001 |
||
| 300 |
_a1105ص: _b؛ايض _c24 سم |
||
| 500 | _aيحتوى على مستخلص بالغة الانجليزية | ||
| 650 |
_98569 _aالتربية |
||
| 700 |
_98570 _aحسين كامل بهاء الدين |
||
| 700 |
_98571 _aمفيد محمود شهاب |
||
| 942 |
_2ddc _cBB |
||
| 999 |
_c12676 _d12676 |
||